000 00615nam a22001937a 4500
005 20251108173153.0
008 250721s1990 xx 000 0 ara d
082 1 4 _a216.429564/جدع
100 1 _aالجدع، أحمد
245 1 0 _aصراعنا مع اليهود : من أين ... و إلى أين ؟ /
264 1 _aعمان :
_bدار الضياء للنشر والتوزيع،
_c1990.
300 _a105ص.
650 1 7 _aالإسلام
650 1 7 _aتاريخ فلسطين
650 1 7 _aاليهود
650 1 7 _aالصراع العربي الإسرائيلي
942 _2ddc
_cBK
999 _c97671
_d97671